Statistics for Man in the high castle quiz

Click here to take the quiz!

General Stats

  • This quiz has been taken 99 times
  • The average score is 9 of 14

Answer Stats

HintAnswer% Correct
4 Countries known to exist:German Reich
94%
Japanese Empire
94%
Capital of the American ReichNew York
94%
Capital of the Pacific StatesSan Francisco
90%
Buffer Zone between the Reich and Pacific StatesNeutral Zone
86%
Resistance agent / Nazi spyJoe Blake
68%
Germanys ruling titleFuhrer
62%
Japans ruling titleEmperor
59%
Japanese Royal Heir's TitleCrown Prince
53%
Objects with mysterious powerFilms
49%
Italy
33%
Canada
30%
Bounty Hunter in the Neutral ZoneThe Marshall
28%
Resistance Agent who is killed shortly into Ep.1Trudy Walker
19%

Score Distribution

Percentile by Number Answered

Percent of People with Each Score

Your Score History

You have not taken this quiz